Riaditeľku vymenili po odborárskom mítingu Štátnej vedckej knižnici od včera šéfuje PhDr. Jozef Mižák

Bibliographic Details
Main Author: Jenčuš, Radoslav (Author)
Corporate Authors: Krajská štátna knižnica (Košice, Slovensko) (Author), Košice (Slovensko). Krajský úrad (Author)
Format: Article
Language:Slovak
Subjects:

MARC

LEADER 00000nab a2200000 a 4500
001 vtls000896536
003 SK-MaSNL
005 20260305000319.0
008 040720e19971118xo 0 slo
035 |a KE5561 
040 |a KEVKJB  |b slo  |c KEVKJB  |e AACR2 
041 0 |a slo 
044 |a xo  |c SK 
080 |a 027.54  |2 1981 
080 |a 929  |2 1981 
100 1 |a Jenčuš, Radoslav  |4 aut  |9 886342 
245 1 0 |a Riaditeľku vymenili po odborárskom mítingu  |b Štátnej vedckej knižnici od včera šéfuje PhDr. Jozef Mižák 
590 |a Džuganová, Daniela  |b riaditeľka 
590 |a Mižák, Jozef  |b riditeľ 
600 1 7 |a Džuganová, Daniela  |2 KEVKJB  |9 1560159 
600 1 7 |a Mižák, Jozef  |2 KEVKJB  |9 7441 
610 2 7 |a Krajská štátna knižnica (Košice, Slovensko)  |2 KEVKJB  |9 32737 
610 2 7 |a Košice (Slovensko).  |b Krajský úrad  |2 KEVKJB  |9 168630 
610 2 7 |a Štátna vedecká knižnica v Košiciach  |2 KEVKJB  |9 252348 
610 2 7 |a KÚ  |2 KEVKJB  |9 877382 
650 0 7 |a odvolanie  |2 KEVKJB  |9 877460 
650 0 7 |a riaditeľ nový  |2 KEVKJB  |9 877948 
650 0 7 |a menovanie do funkcie  |2 KEVKJB  |9 29739 
651 7 |a Košice (Slovensko)  |2 KEVKJB  |9 18694 
651 7 |a KE,  |2 KEVKJB  |9 877256 
651 7 |a KE,  |2 KEVKJB  |9 877256 
655 7 |a periodikum  |2 snkbucl  |9 29553 
710 2 |a Krajská štátna knižnica (Košice, Slovensko)  |4 aut  |9 32737 
710 2 |a Košice (Slovensko).  |b Krajský úrad  |4 aut  |9 168630 
773 0 8 |t Korzo  |g Roč. 4, č.265, 18.11.1997, s. 5 
852 |a ZVYKNI  |b KIS3GCP 
999 |c 3213072  |d 3215002